00375nam a2200133Ia 4500008004100000040001900041041001200060082003500072100002800107245003500135260003400170300001700204650002000221131103s9999 xx 000 0 und d aLoreto College aEnglish a891.443/BANbLCLIB/BnSem/18705 aBanerjee, Bibhutibhusan aDebjancBibhutibhusan Banerjee aCalcuttabMitra & Ghoshc1965 a244p c 22cm aBengali Fiction